<?xml version="1.0" encoding="UTF-8"?>
<marc:record xmlns:marc="http://www.loc.gov/MARC21/slim">
   <marc:leader>00000nam a2200000 a 4500</marc:leader>
   <marc:datafield ind1="1" ind2=" " tag="100">
      <marc:subfield code="a">Browne, Dik</marc:subfield>
      <marc:subfield code="4">aut</marc:subfield>
      <marc:subfield code="e">Verfasser/-in</marc:subfield>
   </marc:datafield>
   <marc:datafield ind1=" " ind2=" " tag="653">
      <marc:subfield code="a">Cartoon</marc:subfield>
   </marc:datafield>
   <marc:datafield ind1=" " ind2=" " tag="653">
      <marc:subfield code="a">Humor</marc:subfield>
   </marc:datafield>
   <marc:datafield ind1=" " ind2=" " tag="653">
      <marc:subfield code="a">Satire/Comic</marc:subfield>
   </marc:datafield>
   <marc:datafield ind1="0" ind2="0" tag="245">
      <marc:subfield code="a">Hägar, der Schreckliche</marc:subfield>
   </marc:datafield>
   <marc:datafield ind1="0" ind2="0" tag="245">
      <marc:subfield code="c">von Dik Browne ; Übersetzung aus dem Amerikanischen und Vorwort von Michael Bregel</marc:subfield>
   </marc:datafield>
   <marc:datafield ind1=" " ind2="1" tag="264">
      <marc:subfield code="a">Köln</marc:subfield>
      <marc:subfield code="b">Ehapa Comic Collection Egmont</marc:subfield>
      <marc:subfield code="c">2009</marc:subfield>
   </marc:datafield>
   <marc:datafield ind1=" " ind2=" " tag="250">
      <marc:subfield code="a">1. Aufl.</marc:subfield>
   </marc:datafield>
   <marc:datafield ind1="1" ind2=" " tag="520">
      <marc:subfield code="a">Angaben aus der Verlagsmeldung

Hägar Gesamtausgabe - : Tagesstrips 1981-1983 / von Dik Browne

Hägar – Ein Wikinger wie du und ich: Hägar muss - berufsbedingt - schrecklich sein, Tochter Honi möchte so gerne schrecklich sein, Sohn Hamlet findet schrecklich sein schrecklich und Ehefrau Helga regiert den Haushalt mit wahrhaft schrecklicher Hand. Genügend Gründe für Hägar, um Raubzüge als schrecklich schönen Aktiv-Urlaub zu genießen! Mit farbig illustrierter Einführung in die international erfolgreiche Strip-Serie des vielfach preisgekrönten Zeichners Dik Browne und seine barbarisch witzigen Charaktere.
</marc:subfield>
   </marc:datafield>
   <marc:datafield ind1=" " ind2=" " tag="020">
      <marc:subfield code="a">9783770432264</marc:subfield>
      <marc:subfield code="9">9783770432264</marc:subfield>
   </marc:datafield>
   <marc:datafield ind1=" " ind2=" " tag="041">
      <marc:subfield code="a">ger</marc:subfield>
   </marc:datafield>
   <marc:datafield ind1=" " ind2=" " tag="300">
      <marc:subfield code="a">320 S.</marc:subfield>
   </marc:datafield>
</marc:record>
